Negociación 2000:

Gespeichert in:
Bibliographische Detailangaben
1. Verfasser: Ertel, Danny (VerfasserIn)
Format: Buch
Sprache:Spanisch
Veröffentlicht: Bogotá McGraw Hill 1996
Schriftenreihe:Conflict Management
Schlagworte:
Tags: Tag hinzufügen
Keine Tags, Fügen Sie den ersten Tag hinzu!

MARC

LEADER 00000nam a2200000 a 4500
001 UCS6910
003 CL-VaPUC
008 971003e19960000CK |||||||||||||||||spa|d
082 0 4 |a 382  |b ERT  |2 21 
100 0 |a Ertel, Danny  |e author  |9 392337 
245 1 0 |a Negociación 2000:  
300 |a 376 p 
942 |c BK 
945 |d 19971003 00:00:00  |a jquezada 
260 |a Bogotá  |b McGraw Hill  |c 1996 
650 7 |a COMERCIO INTERNACIONAL  |2 CL-VaPUC  |9 392338 
650 7 |a CONVENIOS COMERCIALES  |2 CL-VaPUC  |9 343173 
650 0 |a Negociación comercial  |9 343174 
650 0 |a Política comercial  |9 259070 
650 7 |a LITIGIOS  |2 CL-VaPUC  |9 381391 
650 0 |a Organizaciones  |9 337993 
583 |a last modification  |c 19971003 00:00:00  |k Rodrigo Vera 
490 0 |a Conflict Management 
999 |c 262434  |d 262432 
952 |0 0  |1 0  |4 0  |6 382_000000000000000_ERT_1996  |7 0  |8 A  |9 290917  |a BIBENE  |b BIBENE  |d 2019-11-19  |i 261474K  |o 382 ERT 1996  |p 261474K  |r 2025-01-15  |w 2019-11-19  |y BK  |k ICO 
952 |0 0  |1 0  |4 0  |6 382_000000000000000_ERT_1996  |7 0  |8 A  |9 290918  |a BIBCUR  |b BIBCUR  |d 2019-11-19  |i 3415228  |o 382 ERT 1996  |p 3415228  |r 2025-04-22  |w 2019-11-19  |y BK  |k PER 
952 |0 0  |1 0  |4 0  |6 382_000000000000000_ERT_1996  |7 0  |8 A  |9 290919  |a BIBENE  |b BIBENE  |d 2019-11-19  |i 3521087  |o 382 ERT 1996  |p 3521087  |r 2025-01-15  |w 2019-11-19  |y BK  |k ICO